| 000 | 00537nam a2200217Ia 4500 | ||
|---|---|---|---|
| 003 | OSt | ||
| 005 | 20221006141248.0 | ||
| 006 | a|||||r|||| 00| 0 | ||
| 007 | ta | ||
| 008 | 221006b |||||||| |||| 00| 0 eng d | ||
| 024 | _a1,636 | ||
| 037 | _cTextual | ||
| 040 |
_aEASL _cEASL _beng |
||
| 041 |
_2eng _aeng |
||
| 082 | _aX8(J).42, K7 | ||
| 100 |
_aOGURA _9645199 |
||
| 245 | 0 | _aAgricultural Development in Modern Japan | |
| 300 |
_ap. _ccm. |
||
| 942 |
_hX8(J).42, K7 _cTEXL _2CC |
||
| 999 |
_c1069722 _d1069722 |
||